|
|
|
|
| LEADER |
00000nam a2200000 4500 |
| 001 |
vtls012009406 |
| 003 |
SK-MaSNL |
| 005 |
20260301230406.0 |
| 008 |
251112s1660 gw f 010 m ger |
| 015 |
|
|
|a SNBHFA1660
|
| 040 |
|
|
|a SNKHF
|b slo
|c SNKHF
|e rda
|
| 041 |
0 |
|
|a ger
|
| 044 |
|
|
|a gw
|c DE
|
| 072 |
|
7 |
|a 2
|x Náboženstvo
|2 konspekt
|
| 080 |
|
|
|a 2‑21
|2 2011
|
| 080 |
|
|
|a 82‑142
|2 2011
|
| 080 |
|
|
|a 2‑557
|2 2011
|
| 130 |
0 |
|
|a Hertzliches
|9 621150
|
| 245 |
1 |
4 |
|a Hertzliches Mittleiben Bey unverhofften doch seeligen Absterben Des weyland Woll Ehrenvesten/ Vorachtbahrn und Wohlgelahrten Herrn Caspar Cretzshmars/ von Breßlaw aus Schlesien/ Beyder Rechten hỏchst Beflissenen
|b Welche den 24. Maij des 1660 Jahres zu Rostock in St. Jacobs Kirche mit Christủblichen Ceremonien beerdiget worden. Schủldigst erwiesen von denen daselbst studierenden Friesen und Bremern
|
| 264 |
|
3 |
|a Rostock
|b Gedruckt durch seel. Nicolans Reyln/ Acad. Buchdr. Erben
|c 1660
|
| 300 |
|
|
|a 1 nečíslovaný list
|c 2°
|
| 336 |
|
|
|a text
|b txt
|2 rdacontent
|
| 337 |
|
|
|a bez média
|b n
|2 rdamedia
|
| 338 |
|
|
|a zväzok
|b nc
|2 rdacarrier
|
| 500 |
|
|
|a Vinety, iniciálka s ornamentálnym pozadím vo voľnom priestore na 7 riadkov
|
| 501 |
|
|
|a Príväzok 56. k: NIMPTSCH, Kaspar. Jesus Fidelium Clypeus, Jesus Ein Schild aller Gläubigen. Jn Hoch-Fủrsttl. Residentz-Stadt Oelß: druckts Gottfried Gủntzel, 1684.
|5 SNK IB 75050
|
| 508 |
|
|
|a Dedikácia: Kretzmer, Kaspar
|
| 546 |
|
|
|a Nemčina
|b Fraktúra
|
| 561 |
|
|
|a Z knižnice Učenej spoločnosti malohontskej.
|5 SNK IB 75050/prív.56
|
| 650 |
0 |
7 |
|a náboženstvo
|2 SNKPH
|9 2023
|
| 650 |
0 |
7 |
|a smútočné prejavy
|2 SNKPH
|9 119256
|
| 650 |
0 |
7 |
|a pohrebné kázne
|2 SNKPH
|9 115491
|
| 655 |
|
7 |
|a básne
|2 SNKPH
|9 86731
|
| 700 |
1 |
|
|a Kretzmer, Kaspar,
|d zomrel 1660
|4 hnr
|9 366326
|
| 700 |
1 |
|
|a Keil, Nikolaus,
|c dedičia,
|d 17. storočie
|4 prt
|9 196378
|
| 710 |
2 |
|
|a Učená spoločnosť malohontská
|4 fmo
|9 205374
|
| 710 |
0 |
|
|a Keil, Nikolaus (Rostock, Nemecko),
|d 1636-1655
|4 prt
|9 177797
|
| 752 |
|
|
|a Nemecko
|d Rostock
|
| 852 |
|
|
|a snk
|b Historické fondy
|p IB 75050/prív.56
|
| 958 |
|
|
|a DC
|
| 958 |
|
|
|a ONDV
|
| 999 |
|
|
|c 954607
|d 956537
|
| 952 |
|
|
|t II.B.g.267 / MHB 16
|a SNK
|b SNK
|c SNK_HF
|y PREZ
|7 0
|p 17A1358497
|o snkIB 75050/prív.56
|i snk2020/22881
|8 5
|z 56. príväzok
|0 0
|1 0
|4 0
|d 2020-12-16
|l 0
|r 2026-02-24 09:59:38
|w 2026-02-24
|